Príprava a magnetické vlastnosti železnatých komplexov s pyridyl-benzimidazolovými ligandami

Uložené v:
Podrobná bibliografia
Hlavný autor: Vojčíková, Jana (Autor)
Ďalší autori: Šalitroš, Ivan (Vedúci práce)
Médium: Rukopis Kniha
Jazyk:Slovak
Vydavateľské údaje: 2020
Predmet:
On-line prístup:http://is.stuba.sk/zp/portal_zp.pl?podrobnosti=144979
Tagy: Pridať tag
Žiadne tagy, Buďte prvý, kto otaguje tento záznam!

MARC

LEADER 00000ntm a22000003a 4500
001 stuzp79046
003 SK-STU
005 20200718211237.7
007 ta
008 150427s2015----xo-----f-mn---000-0-slo-d
040 |a STU  |b slo 
041 0 |a slo 
100 1 |a Vojčíková, Jana  |u 042190  |4 aut  |U FCHPT Ústav anorganickej chémie, technológie a materiálov  |T FCHPT Oddelenie anorganickej chémie  |X 93500  |U C2190  |Y 112  |7 93500 
242 0 1 |a Synthesis and Magnetic Properties of Ferrous Complexes with Pyridyl-benzimidazole Ligands  |y eng 
245 1 0 |a Príprava a magnetické vlastnosti železnatých komplexov s pyridyl-benzimidazolovými ligandami 
260 |c 2020 
650 4 |a magnetické vlastnosti  |2 slo 
650 4 |a spin crossover  |2 slo 
650 4 |a železnaté komplexy  |2 slo 
650 4 |a magnetic properties  |2 eng 
650 4 |a spin crossover  |2 eng 
650 4 |a iron complexes  |2 eng 
700 1 |a Šalitroš, Ivan  |u 042190  |k Z1  |4 ths  |U FCHPT Ústav anorganickej chémie, technológie a materiálov  |T FCHPT Oddelenie anorganickej chémie  |X 19338  |U C2190  |Y 112  |7 A000019338 
856 4 |u http://is.stuba.sk/zp/portal_zp.pl?podrobnosti=144979